000 00441pab a2200181 454500
008 180718b2010 xxu||||| |||| 00| 0 eng d
100 _aBatra, Renu
245 _aDevelopment of central universities in India
260 _c2010
300 _ap.81-85.
362 _a8 Nov
650 _aHigher education - India
650 _aHigher education
700 _aAhmad, Shakeel
773 _aUniversity News
908 _aN
909 _a89633
999 _c89633
_d89633